00697nam a2200265Ia 450000500170000000800460001702000180006303700100008104000080009104000080009904000080010704100080011504100080012308400080013110000240013924500480016326000230021126000090023436500050024336500080024885600530025694200100030999900210031995200910034020260324130133.0008 260324s9999 xx 000 0 eng d a9780203928752 aEBOOK aCRL beng cCRL 2eng aeng qCRL aAnn Alston91180646 4aThe Family in English Children's Literature bTaylor and Francis c2008 a b220 uhttp://www.taylorfrancis.com/books/9780203928752 cEBOOK c1776539d1776539 00104070aCRLbCRLd2026-03-24l0pCL2058714r2026-03-24 13:01:33w2026-03-24yEBOOK